Medzinárodná hospodárska spolupráca a dane. 1
Nové aspekty v oblasti zdaňovania v súvislosti s rozvojom medzinárodnej hospodárskej spolupráce. Daňové povinnosti účastníkov zahraničných ekonomických vzťahov. Riešenie daňových vzťahov na medzinárodnej úrovni. Predpoklady zdanenia. Rozsah daňovej povinnosti. Príčiny vzniku medzinárodného dvojitého...
Gespeichert in:
| 1. Verfasser: | |
|---|---|
| Format: | Buchkapitel |
| Sprache: | Slowakisch |
| Schlagworte: | |
| Tags: |
Keine Tags, Fügen Sie das erste Tag hinzu!
|
MARC
| LEADER | 00000naa a2200000 4500 | ||
|---|---|---|---|
| 001 | r022443 | ||
| 005 | 20221213095429.4 | ||
| 041 | 0 | |a slo | |
| 044 | |a SK | ||
| 245 | 1 | 0 | |a Medzinárodná hospodárska spolupráca a dane. 1 |c M. Makarová |
| 520 | |a Nové aspekty v oblasti zdaňovania v súvislosti s rozvojom medzinárodnej hospodárskej spolupráce. Daňové povinnosti účastníkov zahraničných ekonomických vzťahov. Riešenie daňových vzťahov na medzinárodnej úrovni. Predpoklady zdanenia. Rozsah daňovej povinnosti. Príčiny vzniku medzinárodného dvojitého zdanenia. Opatrenia na odstránenie dvojitého zdanenia. Zmluvy o zamedzení dvojitého zdanenia. Metódy zamedzenia dvojitého zdanenia. | ||
| 610 | 2 | 0 | |a dane |
| 610 | 2 | 0 | |a vzťahy ekonomické |
| 610 | 2 | 0 | |a spolupráca hospodárska medzinárodná |
| 610 | 2 | 0 | |a zmluvy medzinárodné |
| 610 | 2 | 0 | |a zdanenie dvojité |
| 610 | 2 | 0 | |a opatrenia |
| 610 | 2 | 0 | |a politika daňová |
| 100 | 1 | |a Makarová, M. | |